| 000 | 01688cam a2200433Ki 4500 | ||
|---|---|---|---|
| 001 | vtls003260910 | ||
| 003 | MY-SjTCS | ||
| 005 | 20200508124947.0 | ||
| 006 | m o d | ||
| 007 | cr cnu---unuuu | ||
| 008 | 141205s2014 caua ob 001 0 eng d | ||
| 020 | _a9781597565332 (electronic bk.) | ||
| 020 | _a1597565334 (electronic bk.) | ||
| 020 | _z9781597565325 | ||
| 020 | _z1597565326 | ||
| 035 | _a(OCoLC)865508916 | ||
| 035 | _aocn865508916 | ||
| 039 | 9 |
_a201809071336 _bVLOAD _y201412051529 _zshuhada |
|
| 040 |
_aN$T _beng _erda _epn _cN$T _dYDXCP |
||
| 082 | 0 | 4 |
_a617.5/1059 _223 |
| 100 | 1 |
_aPasha, R., _eauthor. |
|
| 245 | 1 | 0 |
_aOtolaryngology : _bhead & neck surgery : clinical reference guide / _cRaza Pasha, Justin S. Golub. |
| 250 | _aFourth edition. | ||
| 264 | 1 |
_aSan Diego, CA : _bPlural Publishing Inc., _c[2014] |
|
| 300 | _a1 online resource (xxxi, 754 pages) | ||
| 336 |
_atext _2rdacontent |
||
| 337 |
_acomputer _2rdamedia |
||
| 338 |
_aonline resource _2rdacarrier |
||
| 500 | _aIncludes index. | ||
| 504 | _aIncludes bibliographical references and index. | ||
| 588 | _aDescription based on print version record. | ||
| 650 | 0 |
_aOtolaryngology. _927115 |
|
| 650 | 0 |
_aHead _xSurgery. |
|
| 650 | 0 |
_aNeck _xSurgery. |
|
| 655 | 4 | _aElectronic books. | |
| 700 | 1 |
_aGolub, Justin S., _eauthor. |
|
| 776 | 0 | 8 |
_iPrint version: _aPasha, R., author. _tOtolaryngology. _bFourth edition _z9781597565325 _w(DLC) 2013028078 _w(OCoLC)846544090 |
| 856 | 4 | 0 |
_uhttps://ezproxy.taylors.edu.my/login?url=http://search.ebscohost.com/login.aspx?direct=true&scope=site&db=nlebk&db=nlabk&AN=675776 _zAn electronic book accessible through the World Wide Web; click to view |
| 999 | _c159656 | ||